| 000 | 00501nam a2200217Ia 4500 | ||
|---|---|---|---|
| 001 | 13306 | ||
| 003 | GE_BSU | ||
| 008 | 181216s||||||||xx |||||||||||||| ||und|| | ||
| 020 | _a9780349000305 | ||
| 040 | _cGE_BSU | ||
| 080 | _a821.111-312.4 | ||
| 100 | _aCARRISI,DONATO. | ||
| 245 | 4 | _aTHE LOST GIRLS OF ROME. | |
| 245 | _cTRANSLATION BY HOWARD CURTIS. | ||
| 260 | _aLONDON. | ||
| 260 | _bABACUS. | ||
| 260 | _c2011 | ||
| 300 | _a424P;24CM. | ||
| 653 | _aTHE LOST GIRLS OF ROME. | ||
| 942 | _cBK | ||
| 999 |
_c46468 _d46468 |
||